| 000 | 00584nam a2200217 a 4500 | ||
|---|---|---|---|
| 999 |
_c8747 _d8747 |
||
| 001 | 8747 | ||
| 003 | BD-JhCC | ||
| 005 | 20180303172940.0 | ||
| 008 | 180303s1976 b a|||| || | 000 0 eng d | ||
| 035 | _a(BD-JhCC)8747 | ||
| 040 |
_aBD-JhCC _dBD-JhCC |
||
| 041 | _aeng | ||
| 082 |
_a581 _bFAT 1976 |
||
| 100 | _aFattah, Dr. Quazi Abdul | ||
| 245 |
_aPart 1 Botany / _c Dr. Quazi Abdul Fattah, Md. Abul Hassan and Dr. Syed Haduzzaman Khushida Banu |
||
| 260 |
_aDacca : _c1976. |
||
| 300 |
_a456 & 26 P. : _bill. ; _c22 cm. |
||
| 650 | _aBotany | ||
| 942 |
_2ddc _cBK |
||